| 000 | 01839nam2a22002891 4500 | ||
|---|---|---|---|
| 001 | v19\rc\1585958 | ||
| 005 | 20250618212910.0 | ||
| 035 | _a(NLR Aleph) 004711643 | ||
| 090 |
_a4208600 _c4208600 |
||
| 100 | _a20061002d1894 |||y0rusy50 ca | ||
| 101 | 0 | _arus | |
| 102 | _aRU | ||
| 105 | _aa z ||||| | ||
| 200 | 1 | _aОписание винтовки и револьвера | |
| 210 |
_d1894 _aБ. м. |
||
| 215 |
_a[2], II, [5], 86 с., 1 л. ил. _cчерт. |
||
| 316 |
_aЭкз. РНБ (18.238.8.14(2)): приплетено к: Наставление для обучения стрельбе из винтовок и револьверов на берегу в морских командах. Ч. 1. Спб., 1891 _5NLR: 18.238.8.14(2) |
||
| 461 | 0 |
_1001v19\rc\1585956 _12001#$aНаставление для обучения стрельбе из винтовок и револьверов на берегу в морских командах$eЧ. 1$vЧ. 2 _94208579 _cСанкт-Петербург _d1894 _nтип. Мор. м-ва _oЧ. 1 _tНаставление для обучения стрельбе из винтовок и револьверов на берегу в морских командах _vЧ. 2 |
|
| 482 | 0 |
_12001#$aНаставление для обучения стрельбе из винтовок и револьверов на берегу в морских командах$eЧ. 1 _1210##$aСанкт-Петербург$d1891 _tНаставление для обучения стрельбе из винтовок и револьверов на берегу в морских командах |
|
| 801 | 0 |
_aRU _bNLR _gpsbo |
|
| 801 | 0 |
_aRU _bRuMoRGB _2psbo |
|
| 801 | 1 |
_aRU _bProSoft-M _2rusmarc |
|
| 852 |
_aNLR _j18.238.8.14(2) |
||
| 899 |
_aRuMoRGB _jA 227/678 |
||
| 899 | _aБАН | ||
| 942 | _cBOOK | ||
| 980 | _aNB | ||